The image of Amirica / (Record no. 7223)
[ view plain ]
| 000 -LEADER | |
|---|---|
| fixed length control field | 01887cam a22003374a 4500 |
| 001 - CONTROL NUMBER | |
| JCCL Control Number | 7223 |
| 003 - CONTROL NUMBER IDENTIFIER | |
| JCCL marc code | BD-JhCC |
| 005 - DATE AND TIME OF LATEST TRANSACTION | |
| control field | 20180418165755.0 |
| 008 - FIXED-LENGTH DATA ELEMENTS--GENERAL INFORMATION | |
| fixed length control field | 010727s2002 nyu b 001 0 eng |
| 020 ## - INTERNATIONAL STANDARD BOOK NUMBER | |
| International Standard Book Number | 1571132422 (acidfree paper) |
| 035 ## - SYSTEM CONTROL NUMBER | |
| system control number | (BD-JhCC)7223 |
| 040 ## - CATALOGING SOURCE | |
| Original cataloging agency | DLC |
| Transcribing agency | DLC |
| Modifying agency | OBE |
| -- | MYG |
| -- | OrLoB-B |
| -- | BD-JhCC |
| 041 ## - LANGUAGE CODE | |
| Language code of Book | eng |
| 050 00 - LIBRARY OF CONGRESS CALL NUMBER | |
| Classification number | PT553.D58 2002 |
| 082 00 - DEWEY DECIMAL CLASSIFICATION NUMBER | |
| Classification number | 831/.914093273 |
| DDC Edition number | 21 |
| Author mark and Year | JEF 2002 |
| 100 1# - MAIN ENTRY--PERSONAL NAME | |
| Personal name | Jefferson, Thomas |
| Dates associated with a name | 1950- |
| 245 14 - TITLE STATEMENT | |
| Title | The image of Amirica / |
| Statement of responsibility, etc | Thomas Jefferson, |
| 246 30 - VARYING FORM OF TITLE | |
| Title proper/short title | America in German poetry since 1945 |
| 260 ## - PUBLICATION, DISTRIBUTION, ETC. (IMPRINT) | |
| Place of publication, distribution, etc | Rochester, NY : |
| Name of publisher, distributor, etc | Camden House, |
| Date of publication, distribution, etc | 2002. |
| 300 ## - PHYSICAL DESCRIPTION | |
| Pagination | 300 p. ; |
| Dimensions | 24 cm. |
| 490 1# - SERIES STATEMENT | |
| Series statement | Studies in German literature, linguistics, and culture |
| 504 ## - BIBLIOGRAPHY, ETC. NOTE | |
| Bibliography, etc | Includes bibliographical references (p. [243]-277) and index. |
| 505 00 - FORMATTED CONTENTS NOTE | |
| Title | Pfannkuchen, Coca-Cola, Hollywood, Harlem: America's Early Postwar Image -- |
| -- | Prejudice, Problems, Fragments: Early Postwar Reception of American Poetry -- |
| -- | The 1960s: Jazz Beats Rhythms of Change -- |
| -- | O Taste and See the Projective Verse: Hollerer's "Thesen zum langen Gedicht" -- |
| -- | Vietnam and Erich Fried: America and the German Political Poem of the 1960s -- |
| -- | Kilroy Was Here: Vietnam and the Image of America -- |
| -- | Fiedler Crosses the Border, Brinkmann Closes the Gap: German Pop Poetry -- |
| -- | Travel Destination America: Image and Influence through the mid-1970s -- |
| -- | Casting Light on Mr. Hopper's America: From the Late 1970s through the 1980s -- |
| -- | After the Wall: Luftbrucke und heavy metal sounnz -- |
| -- | Conclusion: Imago America. |
| 650 #0 - SUBJECT ADDED ENTRY--TOPICAL TERM | |
| Topical term or geographic name as entry element | German poetry |
| Chronological subdivision | 20th century |
| General subdivision | History and criticism. |
| 650 #0 - SUBJECT ADDED ENTRY--TOPICAL TERM | |
| Topical term or geographic name as entry element | American poetry |
| General subdivision | Appreciation |
| Geographic subdivision | Germany. |
| 651 #0 - SUBJECT ADDED ENTRY--GEOGRAPHIC NAME | |
| Geographic name | United States |
| General subdivision | In literature. |
| 830 #0 - SERIES ADDED ENTRY--UNIFORM TITLE | |
| Uniform title | Studies in German literature, linguistics, and culture. |
| 942 ## - ADDED ENTRY ELEMENTS (KOHA) | |
| Source of classification or shelving scheme | Dewey Decimal Classification |
| Koha item type | Books |
| 949 #0 - LOCAL PROCESSING INFORMATION (OCLC) | |
| 4 | IP |
| a | h |
| b | HUM |
| c | STACK |
| o | 0 |
| p | 39080026397650 |
| x | 01 |
| h | PT553.D58 2002 |
| Source of classification or shelving scheme | Damaged status | Not for loan | Home library | Current library | Shelving location | Total Checkouts | Full call number | Barcode | Date last seen | Copy number | Koha item type |
|---|---|---|---|---|---|---|---|---|---|---|---|
| Dewey Decimal Classification | JCC Rouf Library | JCC Rouf Library | General Stacks | 831/.914093273 JEF 2002 | 8845 | 02/06/2018 | C - 1 | Books |